Kalpanā̲ / (Record no. 78235)

MARC details
000 -LEADER
fixed length control field 00502nam a2200193 a 4500
001 - CONTROL NUMBER
control field sa 68001801
003 - CONTROL NUMBER IDENTIFIER
control field DLC
005 - DATE AND TIME OF LATEST TRANSACTION
control field 20260227112437.0
008 - FIXED-LENGTH DATA ELEMENTS--GENERAL INFORMATION
fixed length control field 980326s1967 ii 000 0 mar
010 ## - LIBRARY OF CONGRESS CONTROL NUMBER
LC control number sa 68001801
040 ## - CATALOGING SOURCE
Original cataloging agency DLC
Transcribing agency DLC
050 00 - LIBRARY OF CONGRESS CALL NUMBER
Classification number PL4758.9.S4
Item number K3
100 2# - MAIN ENTRY--PERSONAL NAME
Personal name Cētu Ammāḷ, Ku. Pa.
245 10 - TITLE STATEMENT
Title Kalpanā̲ /
Statement of responsibility, etc. Ku. Pa. Cētu Ammaāl.
260 ## - PUBLICATION, DISTRIBUTION, ETC.
Place of publication, distribution, etc. Cen̲n̲ai :
Name of publisher, distributor, etc. Kuyilan̲ Patippakam,
Date of publication, distribution, etc. [1967]
300 ## - PHYSICAL DESCRIPTION
Extent 140 p. ;
Dimensions 18 cm.
500 ## - GENERAL NOTE
General note A novel.
546 ## - LANGUAGE NOTE
Language note In Tamil.

No items available.

Powered by Koha